Ước lượng tối ưu về độ lệch của các miền tồn tại nghiệm đối với bài toán giá trị biên elliptic ngược

Luận văn là nội dung bài toán giá trị biên elliptic ngược, với 5 chương có nội dung chính là kiến thức cơ bản cần thiết cho bài toán, ước lượng độ lệch của các miền tồn tại nghiệm, ước lượng Schauder và ước lượng tính theo Lipschit...

Description complète

Enregistré dans:
Détails bibliographiques
Auteur principal: Lê, Phương Quân
Format: Livre
Langue:Undetermined
Publié: Cần Thơ Đại học Cần Thơ 2003
Sujets:
Tags: Ajouter un tag
Pas de tags, Soyez le premier à ajouter un tag!
Thư viện lưu trữ: Trung tâm Học liệu Trường Đại học Cần Thơ
LEADER 01285nam a2200205Ia 4500
001 CTU_83341
008 210402s9999 xx 000 0 und d
082 |a 515 
082 |b Qu502 
088 |a 604601 
100 |a Lê, Phương Quân 
245 0 |a Ước lượng tối ưu về độ lệch của các miền tồn tại nghiệm đối với bài toán giá trị biên elliptic ngược 
245 0 |c Lê Phương Quân 
260 |a Cần Thơ 
260 |b Đại học Cần Thơ 
260 |c 2003 
520 |a Luận văn là nội dung bài toán giá trị biên elliptic ngược, với 5 chương có nội dung chính là kiến thức cơ bản cần thiết cho bài toán, ước lượng độ lệch của các miền tồn tại nghiệm, ước lượng Schauder và ước lượng tính theo Lipschitz của biên, ước lượng phần trong và ước lượng trên biên qua dữ kiện biên và ước lượng dựa trên tính đồ thị tương đối của biên 
650 |a Mathematical analysis 
904 |i Mai Loan, QHieu 
980 |a Trung tâm Học liệu Trường Đại học Cần Thơ